000 00868cam a22002773a 4500
001 22113
003 PGUSA
005 20140828083454.0
008 070720s2007||||xxu|||||s|||||000 1 eng d
040 _aPGUSA
_beng
042 _adc
050 4 _aPZ
100 1 _aJackson, Gabrielle E.
_q(Gabrielle Emilie),
_d1861-
245 1 0 _aPeggy Stewart at School
_h[electronic resource] /
_cGabrielle E. Jackson
260 _bProject Gutenberg,
_c2007
506 _aPublic domain in the USA.
516 _aElectronic text
653 _aWashington (D.C.) -- Fiction
653 _aChildren of military personnel -- Fiction
653 _aYoung women -- Education -- Fiction
653 _aMaryland -- Fiction
653 _aUnited States Naval Academy -- Fiction
830 0 _aProject Gutenberg
_v22113
856 4 0 _uhttp://www.gutenberg.org/ebooks/22113
942 _cEB
999 _c251368
_d251368